000 00699nam a22002297a 4500
003 UA-OsUOA
001 79796
007 ta
008 20111121b un ||||| |||| 00| 0 ukr d
100 _aЧекотовський Е.В.
700 _aПотапова М.Ю.
090 _a330(477)
_bЧ-37
942 _cSA
040 _aUA-OsUOA
_bukr
_cUA-OsUOA
_dUA-OsUOA
245 _aДжордж Одні Юл: життя та внесок у розвиток статистичної науки
300 _aС.78-83
955 _a0
041 _aukr
080 _a330(477)
773 0 _w79778
_tСтатистика України
_dК.
_d2011
_g3
650 7 _a330 Економіка взагалі
_2UDC
999 _c366145
_d366145